| 000 | 01047nmm a2200349 a 4500 | ||
|---|---|---|---|
| 003 | AR-BaBNM | ||
| 005 | 20251128210823.0 | ||
| 008 | 261020s1999 ||||||||||||||000 | spa|| | ||
| 020 | _a950-23-0819-0 | ||
| 040 | _cAR-BaBNM | ||
| 100 | 1 | _aBoivin, Mauricio F. | |
| 245 | 1 | 0 |
_aConstructores de otredad _buna introducción a la Antropoligía Social y Cultural |
| 260 |
_aBuenos Aires _bEudeba _c1999 |
||
| 300 | 0 |
_a391 p. _bgráfs. |
|
| 500 | 0 | _aContiene referencias bibliográficas para consultar | |
| 650 | 4 | _aANTROPOLOGIA CULTURAL Y SOCIAL | |
| 650 | 4 | _aANTROPOLOGOS | |
| 650 | 4 | _aCOSTUMBRES Y TRADICIONES | |
| 650 | 4 | _aETNOGRAFIA | |
| 650 | 4 | _aPATRIMONIO CULTURAL | |
| 650 | 4 | _aPOBLACIONES ABORIGENES | |
| 650 | 4 | _aGRUPOS ETNICOS | |
| 650 | 4 | _aRELACIONES INTERETNICAS | |
| 650 | 4 | _aCULTURAS LATINOAMERICANAS | |
| 650 | 4 | _aGRUPOS ETNICOS | |
| 650 | 4 | _aTRABAJO DE CAMPO | |
| 651 | 4 | _aAmérica del Sur | |
| 700 | 1 |
_aRosato, Ana _ecompilador |
|
| 700 | 1 |
_aArribas, Victoria _ecompilador |
|
| 942 | _cBK | ||
| 998 | _cMariana | ||
| 999 |
_c17062 _d17062 |
||